000 00615nam a2200205Ia 4500
003 GCL
008 140319s9999 xx 000 0 ara d
040 _aGCL /
_cGCL
082 0 4 _a792.025
_bز ف
100 1 _aزاخوف، بوريس
245 1 0 _aفن الممثل والمخرج: محاضرات ومقالات /
_cزاخوف، بوريس
700 1 _aعبدالهادى الراوى
300 _a312 ص
490 _aمنشورات وزارة الثقافة
_v0
650 0 4 _aالتمثيل
650 0 4 _aالفن
650 0 4 _aالاخراج الفنى
650 0 4 _aالاخراج
942 _2ddc
_cBK
999 _c49764
_d49764